00603cam a22002291 4500001001300000003000400013005001700017008004100034010001700075025001900092035001900111040002400130042001200154050001800166100001800184245003100202260005800233300002600291600001800317650002100335999001700356sa 67006924 DLC20260227112411.0750609s1963 ii a 000 0ceng  asa 67006924  aPL480:I-E-7607 a(OCoLC)1381380 aDLCcGUdOCoLCdDLC apremarc00aBV3269.A1bD31 aDalton, Eira.14aThe Baker family in India. aKottayam [India]bPrinted at the C.M.S. Press,c1963. a78 p.billus.c23 cm.30aBaker family. 0aMissionszIndia. c76239d76239